01184cam a22002775a 45000010009000000050017000090080041000260200015000670200018000820400033001000820022001331000031001552450083001862600035002693000025003045040051003295200176003806500024005566500041005806500069006216510010006906530024007009420008007249990017007329520157007491404318120201128024120.0050719t2006 pau frb 001 0 eng d a1591407796 a9781591407799 aDLCcDLCdDLCdEG-ScBUEbeng04a174.9004222bSCH1 aSchultz, Robert A.,d1942-10aContemporary issues in ethics and information technology /cRobert A. Schultz. aHershey :bIRM Press,cc.2006. axv, 208 p. ;c26 cm. aIncludes bibliographical references and index. a"This book uses general ethical principles as a basis for solutions to solving ethical problems in information technology use within organizations"--Provided by publisher. 7aEthics.2BUEsh9683 7aInformation technology.2BUEsh95620 7aInformation technologyxMoral and ethical aspects.2BUEsh935753 2BUEsh bCOMSCIcJanuary2017 2ddc c23912d23884 00102ddc40708Scien. H.aMAINbMAINcLOWd2017-01-12ePurchaseg450.00h2691l1o174.9004 SCHp000040918r2025-07-15 00:00:00s2022-12-11v562.50yBB